00301 a2200133 450000100060000002000150000604000240002110000260004524000270007124500220009830000070012036200090012765000310013644628 a8599007319 cAnchieta - Aquarius aGouveia, Luis Augusto10aVítor e Gabriellpor10aVítor e Gabriel a400 a2006 4aLiteratura infanto-juvenil